| 000 | 00712nam a2200217 a 4500 | ||
|---|---|---|---|
| 005 | 20230527063546.0 | ||
| 008 | 071107s1988 mx r 000 0 spa d | ||
| 020 | _a970050199X | ||
| 035 | _aUPN01000153400 | ||
| 049 | _aCG | ||
| 050 | 4 |
_aHQ799.15 _bB7.3 |
|
| 100 | 1 | _aBrusko, Marlene | |
| 245 | 1 | 0 |
_aCómo convivir con un adolescente : _brespuestas prácticas a las preguntas de los padres / _cMarlene Brusko ; tr. Martha Guastavino. |
| 260 |
_aMéxico : _bGrijalbo, _cc1988. |
||
| 300 | _a251 p. | ||
| 440 | 0 |
_aAutoayuda. _pSuperación |
|
| 534 |
_pTítulo original: _tLiving with your teenager |
||
| 650 | 4 |
_aPADRES Y ADOLESCENTES _92808 |
|
| 650 | 4 |
_aPsicología del adolescente _91013 |
|
| 905 | _aLibro | ||
| 999 |
_c125521 _d125521 |
||